000 00863nas a2200253 4500
001 BR9605223
003 BR-BrBNA
005 20231205095840.0
007 ta
008 230509b bl.|||p| |||| 00| 00por d
040 _aBR-BrBNA
_bpor
_cBiblioteca Nacional de Agricultura
041 _a(Pt)
072 _aL72
100 1 _aMilward-de-Azevedo, E.M.V.
100 1 _aCardoso, D.
100 1 _aFerreira, Y.L.
100 1 _aFaria, E.H. de
245 1 _aExigencias termicas do estagio pupal e longevidade de adultos da mosca-da-bicheira, Cochliomyia hominivorax (Coquerel)(Diptera, calliphoridae), em diferentes temperaturas
650 _aMosca
650 _aBiologia
773 0 _tRevista Brasileira de Entomologia (Brazil)
_xISSN 0085-5626
_g(Sep 1995), v. 39(3) p. 493-499
_wBR9605223
909 _a202311
_bLúcia
_c55
_dLúcia Elande
942 _2AGRIS
_n0
_cANA
999 _c153056
_d153056